[Event "Petrov mem"]
[Site "St Petersburg"]
[Date "1998.??.??"]
[Round "7"]
[White "Rustemov, Alexander"]
[Black "Malyshev, Igor"]
[Result "1-0"]
[WhiteElo "2575"]
[BlackElo "2300"]

1.Nf3 d5 2.g3 Nf6 3.Bg2 Bf5 4.O-O e6 5.d3 Be7 6.Nbd2 O-O 7.c4 c6 8.b3 Nbd7
9.Bb2 a5 10.a3 Rb8 11.Qc2 Bg6 12.Ne5 Nxe5 13.Bxe5 Rc8 14.Qb2 b5 15.cxb5 cxb5
16.b4 axb4 17.axb4 Bd6 18.h3 Bxe5 19.Qxe5 Qe7 20.Qb2 Rc7 21.Rfc1 Rfc8 22.Rxc7 Qxc7
23.Nb3 h6 24.Nc5 Nd7 25.d4 Nb6 26.Ra6 Nc4 27.Qa1 Bh5 28.Ra7 Qd6 29.e3 Nxe3
30.fxe3 Qxg3 31.Ra3 Bf3 32.Qf1 Bxg2 33.Qxg2 Qe1+ 34.Qf1 Qxb4 35.Ra7 Rf8 36.Kf2 e5
37.Nd3 Qd2+ 38.Qe2 Qxe2+ 39.Kxe2 exd4 40.exd4 Re8+ 41.Kd2 Re4 42.Kc3 Re3
43.Rd7 Rxh3 44.Rxd5 g5 45.Rxb5 g4 46.Kd2 Kg7 47.Nf4 Ra3 48.Rf5 f6 49.Ke2 Kf7
50.Rb5 Ra7 51.Kf2 Rd7 52.Ne2 Kg6 53.Kg3 f5 54.Rb6+ Kg7 55.Kh4 Re7 56.Ng3 Rf7
57.Nh5+ Kh7 58.Re6 Ra7 59.Re5 Ra4 60.Rd5 Kg8 61.Nf4 Kh7 62.Kh5 Ra7 63.Rxf5 Rg7
64.Kh4 g3 65.Kh3 g2 66.Nxg2 Rd7 67.Rf4 Kg6 68.Kg3 Kg5 69.Nh4 Rd5 70.Nf3+  1-0

[Event "SVK-chT 9798"]
[Site "SVK"]
[Date "1998.??.??"]
[Round "10"]
[White "Bednar, J."]
[Black "Dudas, Jan"]
[Result "0-1"]
[WhiteElo "2240"]
[BlackElo "2320"]

1.Nf3 d5 2.g3 Nf6 3.Bg2 Bg4 4.c4 c6 5.O-O Nbd7 6.d4 dxc4 7.Qc2 b5 8.b3 cxb3
9.axb3 Qb6 10.Ne5 Nxe5 11.dxe5 Nd5 12.Nc3 e6 13.Nxd5 cxd5 14.Be3 Qb7 15.Rxa7 Rxa7
16.Bxa7 Be7 17.Bd4 Bf5 18.Qd2 O-O 19.f3 Rc8 20.g4 Bg6 21.f4 Rc2 22.Qe3 Qc8
23.f5 exf5 24.gxf5 Bxf5 25.Bxd5 Bc5 26.Bxc5 Qxc5 27.Qxc5 Rxc5 28.Ra1 g6 29.e4 Be6
30.Ra8+ Kg7 31.Rd8 Rc1+ 32.Kf2 Rc2+ 33.Ke1 Rxh2 34.Rd6 Bxd5 35.exd5 Rh5 36.e6 Re5+
37.Kd2 fxe6 38.Rd7+ Kh6 39.d6 Rd5+ 40.Ke3 g5 41.Ke4 Kg6 42.Rd8 h5 43.d7 Kg7
44.b4 h4 45.Re8 Rxd7 46.Rxe6 Rf7 47.Re5 Kg6  0-1

[Event "SWE-chT 9899"]
[Site "Sweden"]
[Date "1998.??.??"]
[Round "5"]
[White "Karlsson, Lars"]
[Black "Andersson, Mats"]
[Result "1-0"]
[WhiteElo "2450"]
[BlackElo "2320"]

1.g3 d5 2.Nf3 c6 3.Bg2 Bg4 4.b3 Nd7 5.Bb2 Ngf6 6.O-O e6 7.c4 Be7 8.d3 O-O
9.Nbd2 Qb8 10.Rc1 a5 11.a3 Rd8 12.Rc2 e5 13.h3 Bh5 14.cxd5 cxd5 15.Qa1 e4
16.dxe4 dxe4 17.Nd4 e3 18.Nf5 exf2+ 19.Rxf2 Bf8 20.e4 Bg6 21.e5 Ne8 22.Ne4 Nc7
23.Ned6 Ra7 24.g4 Ne6 25.Rcd2 Ndc5 26.Qd1 b6 27.h4 h6 28.Bf1 h5 29.Bb5 hxg4
30.Qxg4 Rc7 31.h5 Bxf5 32.Qxf5 Bxd6 33.exd6 Rcd7 34.Bxd7 Rxd7 35.Rg2 Qf8
36.h6  1-0

[Event "SVE-chT 9798"]
[Site "Sweden"]
[Date "1998.??.??"]
[Round "8"]
[White "Nilsson, Ove"]
[Black "Renman, Nils Gustaf"]
[Result "0-1"]
[WhiteElo "2160"]
[BlackElo "2380"]

1.Nf3 d5 2.g3 c6 3.Bg2 Bg4 4.d3 Nd7 5.O-O e5 6.c3 Ngf6 7.Qc2 Bd6 8.e4 O-O
9.Nbd2 h6 10.d4 Bxf3 11.Bxf3 exd4 12.cxd4 dxe4 13.Nxe4 Nxe4 14.Bxe4 Nf6 15.Bg2 Bc7
16.Rd1 Re8 17.Qf5 Qc8 18.Qf3 Nd5 19.Bd2 Qd7 20.Re1 Bb6 21.Bc3 g6 22.h4 h5
23.Re5 Bc7 24.Ree1 Rxe1+ 25.Rxe1 Bd8 26.Bf1 Bf6 27.Bc4 Kg7 28.Qe4 Rd8 29.Bb3 Nc7
30.Rd1 Nb5 31.d5 Nxc3 32.bxc3 c5 33.Qc4 Qd6 34.Re1 a6 35.a4 Rb8 36.a5 b5
37.axb6 Rxb6 38.Ba4 Rb2 39.Re3 Rd2 40.Bc6 Qb8 41.Qxc5 Qb1+ 42.Kg2 Rd1 43.Qc4 Rg1+
44.Kf3 Qf5+ 45.Qf4 Qh3 46.Ke4 Qf1 47.Kf3 Qd1+ 48.Ke4 Rf1 49.d6 Qc2+ 50.Kd5 Bxc3
51.Ba4 Qd2+ 52.Kc6 Rxf2 53.Qe4 Qc1 54.Rd3 Bf6+ 55.Kd7 Qb1 56.Qc4 Qb7+ 57.Qc7 Qe4
58.Bc2 Qe6+ 59.Kc6 Rxc2+  0-1

[Event "SVE-chT 9798"]
[Site "Sweden"]
[Date "1998.??.??"]
[Round "9"]
[White "Nilsson, Ove"]
[Black "Matros, Alexander"]
[Result "1/2-1/2"]
[WhiteElo "2160"]
[BlackElo "2400"]

1.Nf3 d5 2.g3 c6 3.Bg2 Bg4 4.d3 Nd7 5.O-O e5 6.Nbd2 Bd6 7.e4 Ne7 8.c4 d4
9.h3 Bh5 10.Qc2 Qc7 11.Rb1 a5 12.g4 Bg6 13.Nh4 Nc5 14.Nb3 h5 15.g5 Nxb3 16.Qxb3 f6  1/2-1/2

[Event "SVE-chT 9798"]
[Site "Sweden"]
[Date "1998.??.??"]
[Round "9"]
[White "Schneider, Lars Ake"]
[Black "Hartman, Christer"]
[Result "1-0"]
[WhiteElo "2380"]
[BlackElo "2345"]

1.Nf3 d5 2.g3 c6 3.Bg2 Bf5 4.b3 Nd7 5.Bb2 h6 6.d3 Ngf6 7.Nbd2 e6 8.O-O Be7
9.e4 dxe4 10.dxe4 Bh7 11.Qe2 O-O 12.e5 Nd5 13.Ne4 Nc5 14.Nfd2 Nxe4 15.Nxe4 Bxe4
16.Bxe4 Bb4 17.Qf3 a5 18.c4 Nb6 19.Bc2 Re8 20.Rad1 Qc7 21.h4 Kf8 22.Qe4 Ke7
23.Qe3 Kf8 24.a3 Be7 25.Qe4 Bc5 26.Qh7 Nd7 27.Kg2 Ke7 28.Qxg7 Rg8 29.Qxh6 Nxe5
30.Qh5 f6 31.Bxe5 Qxe5 32.Qh7+ Kf8 33.Bg6 Rg7 34.Qh8+ Rg8 35.Qh6+  1-0

[Event "Szeged TT08 IM"]
[Site "Szeged"]
[Date "1998.??.??"]
[Round "7"]
[White "Ianov, Viktor"]
[Black "Suvrajit, Saha"]
[Result "1-0"]
[WhiteElo "2350"]
[BlackElo "2345"]

1.Nf3 d5 2.g3 Nf6 3.Bg2 c6 4.O-O Bf5 5.d3 e6 6.Be3 Nbd7 7.c4 dxc4 8.dxc4 Be7
9.Nc3 h6 10.Nd4 Bg6 11.h3 O-O 12.a3 Nb6 13.Qb3 Qc7 14.Rac1 Rad8 15.a4 Nbd7
16.a5 Qxa5 17.Qxb7 Rb8 18.Nxc6 Rxb7 19.Nxa5 Rxb2 20.Bxa7 Ba3 21.Nb5 Bc5 22.Bxc5 Nxc5
23.Rfe1 Bc2 24.Nd4 Be4 25.f3 Ba8 26.Nac6 Rb6 27.Ne5 Rfb8 28.Ra1 Nfd7 29.Nxd7 Nxd7
30.Ra7 Ne5 31.Rea1 Bb7 32.c5 Rb4 33.R7a4 Rb2 34.f4 Bxg2 35.Kxg2 Nd7 36.c6 Nb6
37.c7 Rc8 38.Ra7 Kf8 39.Rb7 Ke8 40.Ra6 Nc4 41.Rxb2 Nxb2 42.Nb5 Kd7 43.Rd6+ Ke7
44.Rd4 f6 45.Kf3 e5 46.Rb4 Nd1 47.Rb1 e4+ 48.Kxe4 Nf2+ 49.Kf3 Nxh3 50.Kg2 Ng5
51.fxg5  1-0

[Event "EST-chT"]
[Site "Tallinn"]
[Date "1998.??.??"]
[Round "1"]
[White "Laesson, Tuulikki"]
[Black "Golubenko, Anastasia"]
[Result "1-0"]
[WhiteElo "2250"]
[BlackElo "2095"]

1.Nf3 d5 2.g3 Nf6 3.Bg2 Bg4 4.Ne5 Bf5 5.O-O Nbd7 6.d4 e6 7.c4 c6 8.cxd5 exd5
9.Nc3 Be7 10.Bf4 O-O 11.h3 Nxe5 12.dxe5 Nd7 13.g4 Be6 14.Kh1 f6 15.exf6 Bxf6
16.Bg3 Nb6 17.Qc2 Qe7 18.e4 d4 19.e5 Bh4 20.Ne4 Bxg3 21.Nxg3 Bd5 22.f4 Qh4
23.Kh2 g6 24.Rad1 Bxg2 25.Kxg2 Rad8 26.Qe4 c5 27.Rf3 Nd5 28.Nf1 Qe7 29.Kg3 Qe6
30.f5 Qc6 31.e6 Qd6+ 32.Kg2 Rde8 33.Re1 Kh8 34.Qe5+ Qxe5 35.Rxe5 Nc7 36.Rxc5 Na6
37.Rd5 Re7 38.Rxd4 Nb8 39.Ne3 Nc6 40.Re4 Rd8 41.f6  1-0

[Event "EST-chT"]
[Site "Tallinn"]
[Date "1998.??.??"]
[Round "7"]
[White "Seeman, Tarvo"]
[Black "Sergejev, Roman"]
[Result "1-0"]
[WhiteElo "2435"]
[BlackElo "2385"]

1.Nf3 d5 2.g3 Bg4 3.Bg2 Nd7 4.c4 c6 5.cxd5 cxd5 6.Qb3 Qc7 7.O-O e6 8.d4 Bd6
9.Nc3 Qb6 10.e4 Qxb3 11.axb3 dxe4 12.Nxe4 Bc7 13.Nc5 Nxc5 14.dxc5 Ne7 15.Nd4 O-O-O
16.Nb5 a6 17.Nxc7 Kxc7 18.Bf4+ Kc8 19.Rfe1 Rd3 20.b4 Rhd8 21.b5 Rd1 22.c6 bxc6
23.bxa6 Be2 24.a7 Rxa1 25.Rxa1 Kb7 26.Bd6 Nd5 27.f4 Bb5 28.Bc5 Ra8 29.f5 Nb6
30.Ra5 Nd5 31.b4 Nc7 32.Bd6 Nd5 33.Bb8 Nc3 34.Kf2 Nd5 35.fxe6 fxe6 36.Rxb5+ cxb5
37.Bxd5+ exd5 38.Ke3 Kc6 39.Kd4 h5 40.h4  1-0

[Event "EST-chT"]
[Site "Tallinn"]
[Date "1998.??.??"]
[Round "10"]
[White "Kovaljov, Denis"]
[Black "Remmel, Anto"]
[Result "1/2-1/2"]
[WhiteElo "2185"]
[BlackElo "2245"]

1.Nf3 d5 2.g3 Bg4 3.Bg2 c6 4.c4 e6 5.O-O Nf6 6.d3 Nbd7 7.b3 Bd6 8.Bb2 O-O
9.Nbd2 Qe7 10.e4 dxe4 11.dxe4  1/2-1/2

[Event "EST-chT"]
[Site "Tallinn"]
[Date "1998.??.??"]
[Round "10"]
[White "Laesson, Tuulikki"]
[Black "Piarnpuu, Leili"]
[Result "1/2-1/2"]
[WhiteElo "2250"]
[BlackElo "2290"]

1.Nf3 d5 2.g3 c5 3.d4 cxd4 4.Nxd4 Nf6 5.Bg2 Nc6 6.O-O e6 7.c4 Be7 8.Nc3 O-O
9.cxd5 Nxd5 10.Nxd5 exd5 11.Be3 Be6 12.Rc1 Qd7 13.Nxc6  1/2-1/2

[Event "Tampere ELO Taraus"]
[Site "Tampere"]
[Date "1998.??.??"]
[Round "5"]
[White "Agopov, Mikael"]
[Black "Karttunen, Mika"]
[Result "1/2-1/2"]
[WhiteElo "2330"]
[BlackElo "2245"]

1.Nf3 d5 2.g3 Nf6 3.Bg2 e6 4.O-O b6 5.b3 Be7 6.Bb2 O-O 7.c4 Nbd7 8.Qc2 Bb7
9.cxd5 exd5 10.d4 Rc8 11.Nbd2 c5 12.Rac1 Ba6 13.Rfe1 cxd4 14.Qb1 Rxc1 15.Bxc1 d3
16.exd3 Nc5 17.Ne5 Bd6 18.d4 Bxe5 19.Rxe5 Bd3 20.Qa1 Ncd7 21.Re3 Bf5 22.f3 Re8
23.Nf1 Qc7 24.Rxe8+ Nxe8 25.Ne3 Be6 26.Ba3 Nd6 27.Qc1 Qxc1+ 28.Bxc1 Nf5 29.Nc2 h5
30.Kf2 Kf8 31.a4 Ke7 32.Ke2 Nb8 33.Kd3 Kd7 34.Kc3 Nc6 35.Bf1 f6 36.Bb5 Nd6
37.Be2 Kc7 38.Bf4 Kd7 39.Bxd6 Kxd6 40.Ne3 Ne7 41.h4 Nf5 42.Nxf5+ Bxf5 43.f4 g6
44.Kb4 Bc2 45.g4 hxg4 46.Bxg4 a5+ 47.Kc3 Bf5 48.h5 Ke6 49.Bxf5+ gxf5 50.Kd3  1/2-1/2

[Event "Tilburg op"]
[Site "Tilburg"]
[Date "1998.??.??"]
[Round "?"]
[White "Chuchelov, Vladimir"]
[Black "Dutreeuw, Marc"]
[Result "1-0"]
[WhiteElo "2545"]
[BlackElo "2405"]

1.Nf3 d5 2.g3 Bg4 3.Bg2 c6 4.b3 Nd7 5.Bb2 Ngf6 6.O-O e6 7.d3 Bd6 8.Nbd2 O-O
9.h3 Bh5 10.c4 Re8 11.a3 a5 12.Qc2 Rc8 13.e4 dxe4 14.dxe4 Qc7 15.Rfe1 e5
16.Nh4 Bf8 17.Nf5 Nc5 18.Bc3 Ne6 19.Qb2 Nd7 20.b4 axb4 21.axb4 c5 22.b5 Nd4
23.Ne3 Nf6 24.Kh2 Ra8 25.Rxa8 Rxa8 26.Ra1 Qb8 27.Ra3 Bd6 28.Qa1 Rxa3 29.Qxa3 Bc7
30.Qa1 h6 31.Nf5 Kh7 32.Qa3 Bb6 33.Bxd4 exd4 34.f4 Bg6 35.Ne7 Nd7 36.Nxg6 fxg6
37.e5 g5 38.Qd3+ Kh8 39.Qf5 Qd8 40.fxg5 Qe7 41.Be4 Nf8 42.Nf3 Bd8 43.Nh4 hxg5
44.Ng6+ Nxg6 45.Qxg6 Kg8 46.Qh7+ Kf8 47.Qh8+ Kf7 48.Bd5+ Kg6 49.Qg8 Kf5 50.e6 Ke5
51.Bxb7 d3 52.Bf3 Kd4 53.Qf7 Qd6 54.b6 Qxb6 55.e7 Qb2+ 56.Bg2 Bxe7 57.Qxg7+  1-0

[Event "RUS-ch sf"]
[Site "Tula"]
[Date "1998.??.??"]
[Round "3"]
[White "Kostin, Alexey"]
[Black "Svirin, O."]
[Result "0-1"]
[WhiteElo "2355"]
[BlackElo "2380"]

1.Nf3 d5 2.g3 c6 3.Bg2 Nf6 4.O-O Bg4 5.b3 Nbd7 6.Bb2 e6 7.c4 Be7 8.d4 Ne4
9.Nbd2 f5 10.Qc2 O-O 11.Rfc1 Qe8 12.Ne5 Nxe5 13.dxe5 Bc5 14.e3 Nxf2 15.Nf1 Nh3+
16.Bxh3 Bxh3 17.cxd5 Bb6 18.dxc6 Rc8 19.Qe2 Rxc6 20.Ba3 Rf7 21.Rxc6 Qxc6
22.Rc1 Qe8 23.Qb5 Rd7 24.Bd6 h6 25.Qc4 Qg6 26.Qh4 Bxf1 27.Kxf1 Bxe3 28.Rc8+ Kh7
29.Qc4 Rf7 30.Qd3 Bb6 31.Kg2 Rd7 32.Qf3 Qf7 33.Rf8 Qg6 34.Rb8 Qg5 35.Qe2 Qc1
36.Re8 Qc6+ 37.Qf3 Rxd6 38.exd6 Qxe8 39.Qxb7 Qd8 40.Qe7 Qa8+ 41.Kh3 Qd5 42.d7 f4  0-1

[Event "RUS-ch sf"]
[Site "Tula"]
[Date "1998.??.??"]
[Round "5"]
[White "Shvedov, Sergey"]
[Black "Poliakov, Alexander"]
[Result "1/2-1/2"]
[WhiteElo "2345"]
[BlackElo "2250"]

1.Nf3 d5 2.g3 c6 3.Bg2 Nf6 4.O-O Bg4 5.d3 Nbd7 6.Nbd2 e6 7.c4 Be7 8.b3 O-O
9.Bb2 a5 10.Re1 a4 11.h3 Bh5 12.cxd5 cxd5 13.e4 dxe4 14.Nxe4 Nd5 15.bxa4 Qa5
16.Qb3 Qxa4 17.Rec1 h6 18.d4 b6 19.Ne5 Nxe5 20.dxe5 Bg6 21.Nd6 Qxb3 22.axb3 Rxa1
23.Rxa1 Rd8 24.Be4  1/2-1/2

[Event "JUG Cup"]
[Site "Ulcinj"]
[Date "1998.??.??"]
[Round "1"]
[White "Damljanovic, Branko"]
[Black "Markovic, Zoran S"]
[Result "1/2-1/2"]
[WhiteElo "2540"]
[BlackElo "2420"]

1.Nf3 d5 2.g3 Nf6 3.Bg2 c6 4.O-O Bf5 5.d3 e6 6.b3 Be7 7.Bb2 h6 8.Nbd2 O-O
9.c4 a5 10.a3 Bh7 11.Qc2 Na6 12.Bc3 Nd7 13.Qb2 Bf6 14.d4 b5 15.Qc1 Qc7 16.c5 b4
17.axb4 axb4 18.Bb2 Qb7 19.Re1 Nc7 20.e4 Rxa1 21.Qxa1 Ra8 22.Qc1 Ra2 23.e5 Be7
24.Nf1 Nb5 25.Ne3 Qa7 26.Bf1 Qa5 27.Nd1 Na3 28.Re2 Nb8 29.Ne1 Na6 30.Re3 Bg5
31.f4 Be7 32.Bd3 Nxc5 33.dxc5 Bxc5 34.Bxh7+ Kxh7 35.Nd3 Bxe3+ 36.Qxe3 Nc2
37.Qf2 Qa7 38.Nc1 Qxf2+ 39.Kxf2 Ra5 40.Ke2 c5 41.Kd2 Na3 42.Ne3 c4 43.Bd4 Nb5
44.Nc2 Nxd4 45.Nxd4 g5 46.Nc2 gxf4 47.gxf4 Rb5 48.Nd4 Rb8 49.Nce2 Rg8 50.f5 cxb3
51.Nxb3 Rg4 52.fxe6 fxe6 53.Nbd4 Re4 54.Nxe6 Rxe5 55.N2f4 b3 56.Nd4  1/2-1/2

[Event "Val Thorens op"]
[Site "Val Thorens"]
[Date "1998.??.??"]
[Round "?"]
[White "Louis, Jean Philipp"]
[Black "Cosma, Elena Luminita"]
[Result "0-1"]
[WhiteElo "2070"]
[BlackElo "2375"]

1.Nf3 d5 2.g3 Nf6 3.Bg2 c5 4.O-O Nc6 5.d3 e6 6.Nbd2 Be7 7.e4 b6 8.Re1 Bb7
9.c3 Qc7 10.e5 Nd7 11.Qe2 g5 12.g4 h5 13.h3 hxg4 14.hxg4 O-O-O 15.Nf1 Rdg8
16.Bd2 Nf8 17.Ng3 Kb8 18.Nh5 Ng6 19.Rac1 Nh4 20.Nxh4 gxh4 21.Kh1 d4 22.f3 Ka8
23.Bf4 Qd8 24.Bh2 h3 25.Bxh3 Bg5 26.f4 dxc3 27.Bg2 cxb2 28.Qxb2 Bh4 29.Rg1 Rxg4
30.Bf3 Rxg1+ 31.Rxg1 Rxh5 32.Bxh5 Nxe5+ 33.Rg2 Nxd3  0-1

[Event "Val Thorens op"]
[Site "Val Thorens"]
[Date "1998.??.??"]
[Round "?"]
[White "Kirov, Nino"]
[Black "Gaudineau, Eric"]
[Result "1-0"]
[WhiteElo "2395"]
[BlackElo "2240"]

1.Nf3 d5 2.g3 Nf6 3.Bg2 c6 4.c4 e6 5.b3 b6 6.O-O Be7 7.d4 Bb7 8.Nc3 dxc4
9.bxc4 Nbd7 10.Qa4 O-O 11.Rd1 Qc8 12.Bf4 b5 13.cxb5 cxb5 14.Nxb5 Nb6 15.Qa5 Nfd5
16.Rac1 Bb4 17.Rxc8 Rfxc8 18.Qxa7 Rxa7 19.Nxa7 Ra8 20.a3 Nxf4 21.gxf4 Be7
22.Nb5 Ra5 23.Nc3 Rxa3 24.Rc1 Bb4 25.Nd1 Rb3 26.Ne5 Bxg2 27.Kxg2 f6 28.Nd3 Nd5
29.Rc8+ Kf7 30.Rb8 Rxd3 31.exd3 Nxf4+ 32.Kf3 Nd5 33.Ne3 Bd6 34.Rb7+ Be7 35.Rb5 Nb4
36.Ke2 Nc6 37.Nc2 Na7 38.Rb7 Nc6 39.Rc7 Nb8 40.Nb4 f5 41.Rb7  1-0

[Event "Val Thorens op"]
[Site "Val Thorens"]
[Date "1998.??.??"]
[Round "?"]
[White "Radulov, Ivan"]
[Black "Gaudineau, Eric"]
[Result "1-0"]
[WhiteElo "2405"]
[BlackElo "2240"]

1.Nf3 d5 2.g3 Nf6 3.Bg2 c6 4.O-O e6 5.d4 Nbd7 6.Nbd2 Be7 7.c4 O-O 8.Qc2 b6
9.e4 Nxe4 10.Nxe4 dxe4 11.Qxe4 Bb7 12.Rd1 Qc8 13.Bf4 c5 14.d5 Re8 15.Qc2 exd5
16.cxd5 Bf6 17.Bh3 Qd8 18.Qa4 Ne5 19.Nxe5 Bxe5 20.Bxe5 Rxe5 21.d6 Qf6 22.f4 Rh5
23.Qd7 Bf3 24.Rd2 Rd8 25.Re1 g6 26.Re8+ Rxe8 27.Qxe8+ Kg7 28.d7 Bc6 29.Bg4 c4
30.Bxh5  1-0

[Event "Verona op"]
[Site "Verona"]
[Date "1998.??.??"]
[Round "?"]
[White "Wohl, Aleksandar H"]
[Black "Caruso, Augusto"]
[Result "1-0"]
[WhiteElo "2440"]
[BlackElo "2275"]

1.Nf3 d5 2.g3 c5 3.Bg2 Nc6 4.d4 e6 5.O-O Nf6 6.c4 Be7 7.cxd5 exd5 8.dxc5 Bxc5
9.Bg5 O-O 10.Nc3 d4 11.Ne4 Be7 12.Nxf6+ Bxf6 13.Bxf6 Qxf6 14.b4 Nxb4 15.Qxd4 Qe7
16.Qb2 Bg4 17.Rab1 a5 18.a3 Bxf3 19.Bxf3 Na6 20.Qxb7 Qxa3 21.Qb6  1-0

[Event "Vienna op 13th"]
[Site "Vienna"]
[Date "1998.??.??"]
[Round "?"]
[White "Velickovic, Zoran"]
[Black "Hirsch, Adolf"]
[Result "1-0"]
[WhiteElo "2280"]
[BlackElo "2065"]

1.Nf3 d5 2.g3 Nf6 3.c4 c6 4.Bg2 g6 5.O-O Bg7 6.d4 O-O 7.b3 Ne4 8.Bb2 Be6
9.Ne5 f5 10.Nd2 Nd7 11.Ndf3 Nxe5 12.Nxe5 dxc4 13.Nxc4 Bd5 14.Qc2 Nd6 15.Rad1 Rc8
16.Ne5 Bxg2 17.Kxg2 Ne4 18.f3 Nd6 19.e4 Qa5 20.Nd7 Rfe8 21.Nc5 e6 22.e5 Nb5
23.Nxb7 Qb6 24.Nc5 Nc7 25.Bc3 Nd5 26.Qd2 Qd8 27.Nb7 Qe7 28.Nd6 f4 29.Rde1 Bh6
30.Qd3 Qg5 31.Bd2 Rcd8 32.Nxe8 Rxe8 33.Re4 Rf8 34.Rc1 Qf5 35.Rxc6 fxg3 36.Bxh6 gxh2
37.Bxf8 Nf4+ 38.Rxf4 Qxd3 39.Kxh2 Qd2+ 40.Kg3 g5 41.Rg4 Kxf8 42.Rxe6 h5 43.Rf6+ Ke7
44.Re4 h4+ 45.Kh3 Qd1 46.Kg4 Qg1+ 47.Kf5 h3 48.e6 h2 49.Rf7+ Kd6 50.e7 h1=Q
51.e8=Q Qh3+ 52.Kg6 Qgh2 53.Rf6+  1-0

[Event "Vienna op 13th"]
[Site "Vienna"]
[Date "1998.??.??"]
[Round "?"]
[White "Bawart, Markus"]
[Black "Ganaus, Hannes"]
[Result "1/2-1/2"]
[WhiteElo "2330"]
[BlackElo "2245"]

1.Nf3 d5 2.g3 c6 3.Bg2 Bg4 4.h3 Bxf3 5.Bxf3 Nd7 6.Bg2 e6 7.d3 h5 8.Nd2 h4
9.g4 Ne7 10.c4 Ng6 11.cxd5 exd5 12.Nf3 Bb4+ 13.Bd2 Nf4 14.O-O Nxg2 15.Kxg2 Be7
16.Bc3 Qc7 17.e4 dxe4 18.dxe4 O-O-O 19.Qc2 Bf6 20.Rad1 Rde8 21.Rfe1 Ne5 22.Nxe5 Bxe5
23.Bxe5 Rxe5 24.f4 Ra5 25.Qc3 Qxf4 26.Qxa5 Qg3+ 27.Kf1  1/2-1/2

[Event "AUT-chT qual"]
[Site "Vienna"]
[Date "1998.??.??"]
[Round "1"]
[White "Bonstingl, Georg"]
[Black "Wach, Markus"]
[Result "1/2-1/2"]
[WhiteElo "2235"]
[BlackElo "2410"]

1.Nf3 d5 2.g3 Bg4 3.Bg2 Nd7 4.d3 c6 5.O-O Ngf6 6.Nbd2 e5 7.h3 Bxf3 8.Bxf3 Bd6
9.e4 O-O 10.Re1 Re8 11.Nf1 Bf8  1/2-1/2

[Event "Villa Ballester op"]
[Site "Villa Ballester"]
[Date "1998.??.??"]
[Round "8"]
[White "Frank, Mario"]
[Black "Scarella, Enrique"]
[Result "0-1"]
[WhiteElo "2240"]
[BlackElo "2380"]

1.Nf3 d5 2.g3 c5 3.Bg2 Nc6 4.d4 Nf6 5.O-O e6 6.e3 Be7 7.Nbd2 O-O 8.dxc5 Bxc5
9.c4 Qe7 10.Qe2 Rd8 11.b3 e5 12.cxd5 Nxd5 13.Bb2 Bg4 14.Qc4 Be6 15.Ne4 Bb6
16.Qa4 f6 17.Rfd1 Ncb4 18.Rac1 Bd7 19.Qa3 Bc6 20.Nc3 a5 21.Nxd5 Bxd5 22.Nd2 Bxg2
23.Kxg2 Qe6 24.Qa4 Nd3 25.Rc2 Nxf2 26.Rf1 Ng4  0-1

[Event "Vlissingen HZ op"]
[Site "Vlissingen"]
[Date "1998.??.??"]
[Round "5"]
[White "Haak, Eelco"]
[Black "Jonkman, Harmen"]
[Result "0-1"]
[WhiteElo "2180"]
[BlackElo "2315"]

1.Nf3 d5 2.g3 c6 3.Bg2 Bg4 4.O-O Nd7 5.d3 Ngf6 6.c3 e5 7.Qc2 Bd6 8.e4 O-O
9.Nbd2 Re8 10.Re1 a5 11.Nf1 Nc5 12.Ne3 dxe4 13.dxe4 Be6 14.Ng5 Bc8 15.Nc4 Bf8
16.f4 Qd3 17.Qxd3 Nxd3 18.Rd1 Nxc1 19.Raxc1 Bc5+ 20.Kf1 exf4 21.gxf4 h6 22.e5 hxg5
23.exf6 Bg4 24.Re1 gxf4 25.Ne5 Bd6 26.b3 a4 27.Re4 axb3 28.axb3 Bf5 29.Rc2  0-1

[Event "Vlissingen HZ op"]
[Site "Vlissingen"]
[Date "1998.??.??"]
[Round "7"]
[White "Bosboom, Manuel"]
[Black "Jonkman, Harmen"]
[Result "1-0"]
[WhiteElo "2450"]
[BlackElo "2315"]

1.Nf3 d5 2.g3 c6 3.Bg2 Bg4 4.c4 e6 5.cxd5 exd5 6.O-O Nf6 7.d3 Be7 8.Be3 O-O
9.Qb3 Qc7 10.Nc3 Nbd7 11.Rac1 Rfc8 12.Nd4 Nc5 13.Qc2 Qd7 14.b4 Ne6 15.Qb3 b6
16.Rfd1 Rab8 17.b5 c5 18.Nc6 d4 19.Nd5 Nxd5 20.Qxd5 Qxd5 21.Nxe7+ Kf8 22.Nxd5 dxe3
23.f3 Bh5 24.g4 Rd8 25.Nxe3 Bg6 26.Kf2 f6 27.Nc4 Nf4 28.Bf1 Rb7 29.a4 Rbd7
30.Ra1 Bf7 31.Rdc1 g5 32.a5 Rb7 33.axb6 axb6 34.Ra6 Bxc4 35.Rxc4 Nd5 36.Ra2 Nc7
37.Rb2 Ra7 38.e3 Ke7 39.d4 Ne6 40.dxc5 Nxc5 41.Rcc2 h5 42.gxh5 Rh8 43.Ra2 Rc7
44.Kg3 Rxh5 45.Rc4 Rh8 46.h4 gxh4+ 47.Rxh4 Rxh4 48.Kxh4 Rd7 49.Kg4 Rd1 50.Bc4 Rc1
51.Bd5 Rb1 52.Bc6 Rg1+ 53.Kh3 Re1 54.Ra3 Ke6 55.Kg3 Rb1 56.Ra8 Rb3 57.Rb8 Na4
58.Kf4 Rc3 59.e4 Rc5 60.Bd5+ Ke7 61.Rb7+ Kd8 62.Bc6 Nb2 63.Rxb6 Nc4 64.Kg3 Ne5
65.f4 Nxc6 66.Rxc6 Rxc6 67.bxc6 Kc7 68.Kf3 Kxc6 69.Kg4 Kd6 70.Kf5 Ke7 71.Kg6 Ke6
72.f5+ Ke7 73.Kg7  1-0

[Event "Wattens op 13th"]
[Site "Wattens"]
[Date "1998.??.??"]
[Round "3"]
[White "Kuporosov, Viktor"]
[Black "Duer, Werner"]
[Result "1/2-1/2"]
[WhiteElo "2500"]
[BlackElo "2310"]

1.Nf3 d5 2.g3 Bg4 3.Bg2 Nd7 4.b3 e6 5.Bb2 Ngf6 6.d3 Be7 7.Nbd2 O-O 8.O-O c6
9.c4 a5 10.a3 Qb8 11.h3 Bh5 12.Qc2 Re8 13.Rac1 Bd6 14.Rfe1 Qc7 15.cxd5 exd5
16.e4 dxe4 17.dxe4 Bg6 18.Nh4 Bc5 19.Nxg6 hxg6 20.e5 Nh5 21.Nf1 Ba7 22.Re2 Nf8
23.Rd1  1/2-1/2

[Event "Wattens op 13th"]
[Site "Wattens"]
[Date "1998.??.??"]
[Round "3"]
[White "Werdinig, Manfred"]
[Black "Spitzl, Robert"]
[Result "0-1"]
[WhiteElo "1700"]
[BlackElo "1660"]

1.Nf3 d5 2.g3 Nc6 3.Bg2 e6 4.O-O Nf6 5.d3 Bd6 6.Nbd2 Bd7 7.Re1 Qe7 8.e4 dxe4
9.dxe4 Bc5 10.e5 Nd5 11.Ne4 h6 12.c4 Nb6 13.Nxc5 Qxc5 14.b3 O-O-O 15.Be3 Qe7
16.Qe2 Kb8 17.a4 a5 18.Bxb6 cxb6 19.Rad1 Bc8 20.Nd2 Nd4 21.Qe4 Qc7 22.Re3 Rd7
23.Rd3 Rhd8 24.Nb1 Nxb3 25.Rxd7 Rxd7 26.Rxd7 Qxd7 27.Nc3 Qd4 28.Qxd4 Nxd4
29.Nb5 Nc6 30.Nd6 Nxe5 31.f4 Nd3 32.Nxf7 Nb2 33.Nd6 Nxa4 34.Nxc8 Kxc8 35.Kf2 Kc7
36.g4 Nc3 37.Ke3 b5 38.cxb5 Nxb5 39.h4 Nd6 40.Kd4 b5 41.Bf1 a4 42.g5 a3 43.Kc3 Nc4
44.Bxc4 bxc4  0-1

[Event "Wattens op 13th"]
[Site "Wattens"]
[Date "1998.??.??"]
[Round "4"]
[White "Spitzl, Robert"]
[Black "Schmidlechner, Alexander"]
[Result "0-1"]
[WhiteElo "1660"]
[BlackElo "2155"]

1.Nf3 d5 2.g3 c6 3.Bg2 Bg4 4.d3 Nd7 5.O-O Ngf6 6.b3 e5 7.Bb2 Bd6 8.Re1 O-O
9.e4 d4 10.a3 h6 11.Nbd2 a5 12.Nc4 Bc7 13.a4 b5 14.axb5 cxb5 15.Ncd2 Bd6
16.Ba3 Nc5 17.Qb1 Qe7 18.h3 Bd7 19.Re2 Ra7 20.Qf1 Ne6 21.Bxd6 Qxd6 22.Nh2 Rc8
23.Nhf3 Nc5 24.Qb1 a4 25.Ne1 Qb8 26.Qb2 Be6 27.Nef3 axb3 28.Rxa7 Qxa7 29.Nxb3 Bxb3
30.cxb3 Nxd3 31.Qa2 Qxa2 32.Rxa2 Nxe4 33.Nxe5 Nc3 34.Nc6 Nxa2 35.Ne7+ Kf8
36.Nxc8 Ndc1 37.Na7 Nc3 38.Nc6 d3 39.Bf3 d2 40.Kf1 Nxb3 41.Na7 Nd4 42.Nxb5 Ndxb5
43.Bd1 Nd4  0-1

[Event "Wattens op 13th"]
[Site "Wattens"]
[Date "1998.??.??"]
[Round "5"]
[White "Mayr, Manfred"]
[Black "Schmidlechner, Alexander"]
[Result "1/2-1/2"]
[WhiteElo "1840"]
[BlackElo "2155"]

1.Nf3 d5 2.g3 Bg4 3.Bg2 c6 4.O-O Nd7 5.Na3 e6 6.b3 Ngf6 7.c4 Bd6 8.d3 O-O
9.Nc2 Qe7 10.Ne3 Bh5 11.Bb2 a5 12.Nd4 a4 13.cxd5 cxd5 14.Nb5 a3 15.Bxf6 Nxf6
16.Nxd6 Qxd6 17.Qd2 Rfc8 18.Rfc1 h6 19.Bf1 Qe5 20.Rab1 b5 21.b4 d4 22.Ng2 Nd5
23.Nf4 Nc3 24.Rb3 Bg4 25.h3 g5 26.hxg4 gxf4 27.gxf4 Nxe2+ 28.Qxe2 Qxe2 29.Rxc8+ Rxc8
30.Bxe2 Rc2 31.Bf3 Rxa2 32.Bc6 Ra1+ 33.Kg2 a2 34.Ra3 Rc1 35.Rxa2 Rxc6 36.Ra8+ Kg7
37.Rd8 Kg6 38.Rxd4  1/2-1/2

[Event "POL-chT2"]
[Site "Wisla"]
[Date "1998.??.??"]
[Round "?"]
[White "Kornasiewicz, Stanislaw"]
[Black "Dawidow, Jacek"]
[Result "1/2-1/2"]
[WhiteElo "2300"]
[BlackElo "2375"]

1.Nf3 d5 2.g3 c6 3.Bg2 Bg4 4.b3 e6 5.Bb2 Nf6 6.O-O Be7 7.d3 O-O 8.Nbd2 a5
9.a4 Re8 10.h3 Bh5 11.e4 Na6 12.Qe2 Nb4 13.Rfc1 Bc5 14.e5 Nd7 15.Nf1 Be7
16.N1h2 Bg6 17.Ng4 c5 18.Rd1 Rc8 19.c3 Nc6 20.Bc1 Qb6 21.Bd2 d4 22.Rab1 h5
23.Ngh2 f6 24.exf6 Bxf6 25.c4 Nb4 26.Bxb4 Qxb4 27.Nd2 Re7 28.Ne4 Rf8 29.Nf3 Qb6
30.Nfg5 h4 31.g4 Be5 32.Rf1 Bf4 33.Nf3 Bxe4 34.Qxe4 g5 35.Rbe1 Nf6 36.Qe2 e5
37.Nd2 Kg7 38.Ne4 Nxe4 39.Qxe4 Qg6  1/2-1/2

[Event "POL-chT2"]
[Site "Wisla"]
[Date "1998.??.??"]
[Round "?"]
[White "Kusina, Jan"]
[Black "Niemiec, Artur"]
[Result "0-1"]
[WhiteElo "2135"]
[BlackElo "2240"]

1.Nf3 d5 2.g3 c5 3.Bg2 Nc6 4.d4 Nf6 5.O-O e6 6.c3 Bd6 7.Nbd2 O-O 8.dxc5 Bxc5
9.Qc2 e5 10.b4 Bd6 11.e4 Qc7 12.a3 Ne7 13.exd5 Bf5 14.Qb3 Bd3 15.Re1 b5 16.Re3 Bc4
17.Nxc4 bxc4 18.Qc2 Nexd5 19.Re2 h6 20.Nh4 Rfe8 21.Nf5 Bf8 22.Ne3 Rad8 23.Bd2 g6
24.Rd1 Nb6 25.Bc1 e4 26.Rxd8 Rxd8 27.Bxe4 Nxe4 28.Qxe4 Bg7 29.Rc2 Rd3 30.Bd2 Qd7
31.Be1 Rd6 32.Qf4 Re6 33.Rd2 Qc8 34.Rd1 Qe8 35.Qc7 Rxe3 36.fxe3 Qxe3+ 37.Bf2 Qf3
38.Rf1 Nd5 39.Qxa7 Nxc3  0-1